| 000 | 00385nam a2200157Ia 4500 | ||
|---|---|---|---|
| 005 | 20250323152732.0 | ||
| 008 | 240331s9999 xx 000 0 und d | ||
| 020 | _a9789550195053 | ||
| 082 |
_bPIL _a894 |
||
| 100 | _aPilomina,R | ||
| 245 | 0 | _aImitation thodu | |
| 260 |
_aColombo _bpuravalar puththake poonga _c2010 |
||
| 300 | _aviii, 72 p ., | ||
| 650 | _aShort Stories | ||
| 942 | _cL | ||
| 999 |
_c5384 _d5384 |
||